Bible Verses Quiz - Statistics

General Stats
  • This quiz has been taken 940 times
  • The average score is 6 of 15
Answer Stats
Verse Scripture % Correct
For God so love the world that he gave his one and only Son, that whoever believes in him shall not perish but have eternal life. John 3:16
97%
In the beginning God created the heavens and the earth. Genesis 1:1
82%
In the beginning was the Word, and the Word was with God, and the Word was God. John 1:1
62%
I can do everything through him who gives me strength. Philippians 4:13
40%
For I know the plans I have for you,” declares the LORD, “plans to prosper you and not to harm you, plans to give you hope and a future. Jeremiah 29:11
37%
Even though I walk through the valley of the shadow of death, I will fear no evil, for you are with me; your rod and your staff, they comfort me. Psalm 23:4
35%
Trust in the LORD with all your heart and lean not on your own understanding. Proverbs 3:5
33%
For the wages of sin is death, but the gift of God is eternal life in Christ Jesus our Lord. Romans 6:23
28%
In all your ways acknowledge him, and he will make your paths straight. Proverbs 3:6
26%
Jesus wept. John 11:35
25%
And we know that in all things God works for the good of those who love him, who have been called according to his purpose. Romans 8:28
25%
Jesus answered, “I am the way and the truth and the life. No one comes to the Father except through me. John 14:6
22%
Remember the Sabbath day by keeping it holy. Exodus 20:8
18%
Your word is a lamp for my feet, a light on my path. Psalm 119:105
14%
So in everything, do to others what you would have them do to you, for this sums up the Law and the Prophets. Matthew 7:12
9%
No matching quizzes found
Score Distribution
Percent of People with Each Score
Percentile by Number Answered
Your Score History
You have not taken this quiz